00315nam a2200121Ia 4500008004100000020001800041082001700059100002000076245004200096260003800138300000900176650000800185191201s2010 xx 000 0 und d a9788177226096 a005.133bHOV aHOLZNER, Steven 0aVisual Basic 6 Programming Black Book aNew DelhibWiley Dream Techc2010 a1247 aMCA